Guerra sucia / (Record no. 198122)

MARC details
000 -LEADER
campo de control de longitud fija 01963nam a22003854a 4500
001 - NÚMERO DE CONTROL
campo de control 198122
005 - FECHA Y HORA DE LA ÚLTIMA TRANSACCIÓN
campo de control 20260527204600.0
008 - DATOS DE LONGITUD FIJA--INFORMACIÓN GENERAL
campo de control de longitud fija 260219s2025 esp| ||| |||||||spa||
017 ## - NÚMERO DE COPYRIGHT O DE DEPÓSITO LEGAL
Número de copyright o de depósito legal B 14521-2025
020 ## - NÚMERO INTERNACIONAL ESTÁNDAR DEL LIBRO
Número Internacional Estándar del Libro 9788401037016
040 ## - FUENTE DE CATALOGACIÓN
Centro catalogador/agencia de origen ES-MaBCO
Lengua de catalogación spa
Centro/agencia transcriptor ES-MaBCO
Normas de descripción rda
072 #7 - CÓDIGO DE CATEGORÍA DE MATERIA
Código de categoría de materia 25
072 #7 - CÓDIGO DE CATEGORÍA DE MATERIA
Código de categoría de materia 29
100 1# - ENTRADA PRINCIPAL--NOMBRE DE PERSONA
Nombre de persona Cerdán, Manuel
9 (RLIN) 242848
245 10 - MENCIÓN DEL TÍTULO
Título Guerra sucia /
Mención de responsabilidad, etc. Manuel Cerdán.
250 ## - MENCION DE EDICION
Mención de edición Primera edición: octubre de 2025.
264 #1 - PRODUCCIÓN, PUBLICACIÓN, DISTRIBUCIÓN, FABRICACIÓN Y COPYRIGHT
Producción, publicación, distribución, fabricación y copyright Barcelona :
Nombre del de productor, editor, distribuidor, fabricante Plaza Janés,
Fecha de producción, publicación, distribución, fabricación o copyright 2025.
300 ## - DESCRIPCIÓN FÍSICA
Extensión 699 páginas :
Otras características físicas ilustraciones (blanco y negro) ;
Dimensiones 23 cm
336 ## - TIPO DE CONTENIDO
Término de tipo de contenido Texto
Fuente rdacontent
337 ## - TIPO DE MEDIO
Nombre/término del tipo de medio sin mediaciâon
Fuente rdamedia
338 ## - TIPO DE SOPORTE
Nombre/término del tipo de soporte volumen
Fuente rdacarrier
500 ## - NOTA GENERAL
Nota general "Penguin Random House Grupo Editorial, S.A.U."
500 ## - NOTA GENERAL
Nota general En la cubierta: Mercenarios contra ETA: de Franco a los GAL.
500 ## - NOTA GENERAL
Nota general Registro provisional. A-16055. Depósito 1
520 3# - RESUMEN, ETC.
Sumario, etc. Resumen: "La guerra sucia contra ETA se mantuvo activa durante algo mâas de una dâecada. Desde la primera acciâon planificada por el Batallâon Vasco Espaänol en junio de 1975, hasta el asesinato de un joven electricista en Hendaya a manos de los GAL en julio de 1987, los escuadrones de la muerte -nacidos a la sombra del franquismo, y alimentados durante los gobiernos de Felipe Gonzâalez por los fondos reservados del Estado- perpetraron mâas de un centenar de acciones violentas que acabaron con la vida de ochenta personas y provocaron una profunda grieta en los cimientos de la democracia que intentaba abrirse paso en nuestro paâis..."
610 24 - PUNTO DE ACCESO ADICIONAL DE MATERIA--NOMBRE DE ENTIDAD CORPORATIVA
Nombre de entidad corporativa o nombre de jurisdicción como elemento de entrada Euskadi ta Askatasuna.
9 (RLIN) 242849
650 #4 - PUNTO DE ACCESO ADICIONAL DE MATERIA--TÉRMINO DE MATERIA
Término de materia o nombre geográfico como elemento de entrada Violencia de estado.
9 (RLIN) 242850
651 #4 - PUNTO DE ACCESO ADICIONAL DE MATERIA--NOMBRE GEOGRÁFICO
Nombre geográfico Espaäna.
9 (RLIN) 242851
852 ## - LOCALIZACIÓN
Ubicación ES-MaACL
Ubicación en estantería Depósito 1
Número de control de estantería A-16055
Encuadernación Encuadernación rustico
Nota libre En proceso
942 ## - ELEMENTOS DE ENTRADA SECUNDARIOS (KOHA)
Fuente del sistema de clasificación o colocación Clasificación decimal universal
Tipo de ítem Koha Libro impreso
Suprimir en OPAC No

No items available.